Ai Greci / (Record n. 357828)

Dettagli MARC
000 -LEADER
fixed length control field 01388nam a2200349 a 4500
001 - CONTROL NUMBER
control field 000000418110
003 - CONTROL NUMBER IDENTIFIER
control field IT-MiSPE
005 - DATE AND TIME OF LATEST TRANSACTION
control field 20180505175638.0
008 - FIXED-LENGTH DATA ELEMENTS--GENERAL INFORMATION
fixed length control field 150513s2015 it 001 u ita d
020 ## - INTERNATIONAL STANDARD BOOK NUMBER
International Standard Book Number 9788831542708
040 ## - CATALOGING SOURCE
Original cataloging agency IT-MiSPE
Language of cataloging ita
Modifying agency clb
Transcribing agency IT-MiSPE
041 1# - LANGUAGE CODE
Language code of text/sound track or separate title ita
-- grc
082 ## - DEWEY DECIMAL CLASSIFICATION NUMBER
Classification number 270.008-TAZ ai (23120)
100 0# - MAIN ENTRY--PERSONAL NAME
Personal name Tatianus,
Dates associated with a name sec. II.
9 (RLIN) 56998
240 10 - UNIFORM TITLE
Uniform title Oratio ad Graecos.
Language of a work Greco e italiano
245 10 - TITLE STATEMENT
Title Ai Greci /
Statement of responsibility, etc. Taziano ; a cura di Gabriella Aragione.
260 ## - PUBLICATION, DISTRIBUTION, ETC. (IMPRINT)
Place of publication, distribution, etc. Milano :
Name of publisher, distributor, etc. Edizioni Paoline,
Date of publication, distribution, etc. ©2015.
300 ## - PHYSICAL DESCRIPTION
Extent 332 p. ;
Dimensions 20 cm
490 1# - SERIES STATEMENT
Series statement Letture cristiane del secondo millennio ;
Volume/sequential designation 052
504 ## - BIBLIOGRAPHY, ETC. NOTE
Bibliography, etc Bibliografia (p. [121]-137) e indici
546 ## - LANGUAGE NOTE
Language note Traduzione italiana con testo greco a fronte
655 #7 - INDEX TERM--GENRE/FORM
Genre/form data or focus term Patrologia greca
General subdivision Padri apologisti
-- Quadratus, s., sec. III - Ariston Pellaeus, sec. II - Aristides Atheniensis, s., sec. II - Iustinus, s., ante 165 - Tatianus, sec. II - Athenagoras Atheniensis, s., sec. II - Theophilus Antiochenus, s., sec. II - Lettera a Diogneto.
Source of term local
9 (RLIN) 56930
700 1# - ADDED ENTRY--PERSONAL NAME
Personal name Aragione, Gabriella,
Relator term ed.
9 (RLIN) 56999
830 #0 - SERIES ADDED ENTRY--UNIFORM TITLE
Uniform title Letture cristiane del secondo millennio ;
Volume number/sequential designation 052.
9 (RLIN) 57000
942 ## - ADDED ENTRY ELEMENTS (KOHA)
Source of classification or shelving scheme Dewey Decimal Classification
Koha item type LIBRO
990 10 - EQUIVALENCES OR CROSS-REFERENCES [LOCAL, CANADA]
Link information for 9XX fields 90001a
Link information for field corresponding to 9XX field 10003ad
990 10 - EQUIVALENCES OR CROSS-REFERENCES [LOCAL, CANADA]
Link information for 9XX fields 90002a
Link information for field corresponding to 9XX field 10003ad
Dati di copia
Withdrawn status Lost status Source of classification or shelving scheme Damaged status Not for loan Home library Current library Date acquired Total Checkouts Full call number Barcode Date last seen Price effective from Koha item type
    Dewey Decimal Classification Buone Condizioni Not For Loan CINISELLO CINISELLO 05/05/2018   270.008-TAZ ai (23120) 9788831542708 05/05/2018 05/05/2018 LIBRO
CREDITS: SOCIETA' SAN PAOLO Via A.Severo, 58 - ROMA (RM) & PERIODICI SAN PAOLO SRL Via Giotto, 36 MILANO & CISF Via Giotto, 36 MILANO & EDIZIONI SAN PAOLO SRL,  Piazza Soncino, 5 CINISELLO BALSAMO (MI) -- ITALY